00768nam a2200265Ia 4500008004100000020001500041050000800056050001500064100002700079245001700106245002700123260001300150260003700163260000900200300001500209300002000224300001100244440001700255650003000272650002600302650002800328650001500356999001900371952011200390160319s9999 xx 000 0 und d a971630000X a920 bV468j 1992 aVentura, Sylvia Mendez aJose Rizal / cSylvia Mendez Ventura. aManila : bTahanan Books for Young Readers  c1992 a31 pages : billustrations : c25 cm. aGreat lives. aHeroes -- Philippines --  aRizal y Alonso, Jose. aRizal, Jose, 1861-1896. xBiography. c292236d292236 001040aSSISBbSSISBcFILd2016-03-19l0oFil 920 V468j 1992pLS 1165r2016-03-19 00:00:00w2016-03-19yBK